Programming in basic / (Record no. 180677)

MARC details
000 -LEADER
fixed length control field 00625nam a2200205Ia 4500
005 - DATE AND TIME OF LATEST TRANSACTION
control field 20251205144208.0
008 - FIXED-LENGTH DATA ELEMENTS--GENERAL INFORMATION
fixed length control field 210716s1987 xx 000 0 und d
040 ## - CATALOGING SOURCE
Transcribing agency AIMIT LIBRARY
041 ## - LANGUAGE CODE
Language code of text/sound track or separate title eng
082 ## - DEWEY DECIMAL CLASSIFICATION NUMBER
Classification number 005.362
Edition number 1
Item number GOEM
100 ## - MAIN ENTRY--PERSONAL NAME
Personal name Goel, Mahesh K.
9 (RLIN) 247886
245 ## - TITLE STATEMENT
Title Programming in basic /
Statement of responsibility, etc. By Mahesh K Goel.
250 ## - EDITION STATEMENT
Edition statement 1st ed.
260 ## - PUBLICATION, DISTRIBUTION, ETC.
Place of publication, distribution, etc. New Delhi :
Name of publisher, distributor, etc. Sterling Publishers Private Ltd ,
Date of publication, distribution, etc. 1987.
300 ## - PHYSICAL DESCRIPTION
Extent 172p. ;
Other physical details PB
Dimensions 22.3 cm
650 ## - SUBJECT ADDED ENTRY--TOPICAL TERM
Topical term or geographic name entry element Computer architecture
9 (RLIN) 247887
650 ## - SUBJECT ADDED ENTRY--TOPICAL TERM
Topical term or geographic name entry element Program control
9 (RLIN) 247888
650 ## - SUBJECT ADDED ENTRY--TOPICAL TERM
Topical term or geographic name entry element Arrays and matrices
9 (RLIN) 247889
942 ## - ADDED ENTRY ELEMENTS (KOHA)
Source of classification or shelving scheme Dewey Decimal Classification
Koha item type Book
Edition 1st
Call number prefix 005.362 GOEM
Holdings
Withdrawn status Lost status Damaged status Not for loan Collection code Home library Current library Date acquired Total Checkouts Full call number Barcode Date last seen Price effective from Koha item type
        MCA St Aloysius Institute of Management & Information Technology St Aloysius Institute of Management & Information Technology 07/16/2021   005.362 GOEM MCA00185 05/23/2026 07/16/2021 Book
        MCA St Aloysius Institute of Management & Information Technology St Aloysius Institute of Management & Information Technology 07/16/2021   005.362 GOEM MCA00254 05/23/2026 07/16/2021 Book